00727nam a2200169 a 4500003000200000005001700002008004100019050002900060100002700089245013800116260009000254300004000344504004100384650003600425650003900461650005700500020250310115316.0090709s19uu xx 00 eng d aPHS LB 2350.5b.J76 2009 aJones, Carla Monica N. aCollege readiness of SISC graduates as expressed by their academic performance in colleges and universities /cCarla Monica N. Jones. aLas Piñas City, Philippines :bSouthville International School and Colleges,c2009. a36 pages :billustrations ;c28 cm. aIncludes bibliographical references. aCollege readinessxPhilippines. aAcademic achievementxPhilippines. aCollege studentszPhilippinesxAcademic performance.